000 00406nam a2200181Ia 4500
001 4942
005 20260306145831.0
008 260306t2020||||xx |||||||||||||| ||spa||
041 _aESP
082 _a332.04
_bS81
100 _aStimilli, Elettra
_eAUT
245 0 _aDeuda y culpa
260 _c2020
300 _a222 páginas :
_c22 cm.
650 _aGEN
654 _aCAN
942 _cLIB
_dJUS
_fJUS
_2ddc
_n
999 _c4942
_d4942